Diccionario de química y de productos químicos
Guardat en:
| Autors principals: | , |
|---|---|
| Format: | Llibre |
| Idioma: | espanyol |
| Publicat: |
Barcelona
Omega
1975
|
| Matèries: | |
| Etiquetes: |
Afegir etiqueta
Sense etiquetes, Sigues el primer a etiquetar aquest registre!
|
MARC
| LEADER | 00000nam a2200000 a 4500 | ||
|---|---|---|---|
| 001 | UCR4743 | ||
| 003 | CL-VaPUC | ||
| 008 | 980313e19750000SP |||||||||||||||||spa|d | ||
| 082 | 0 | 4 | |a 540.3 |b ROS |2 21 |
| 100 | 0 | |a Rose, Arthur |e author |9 405310 | |
| 700 | 0 | |a Rose, Elizabeth |e author |9 405311 | |
| 245 | 1 | 0 | |a Diccionario de química y de productos químicos |
| 300 | |a 1042 p | ||
| 942 | |c BK | ||
| 945 | |d 19980313 00:00:00 |a crobeson | ||
| 260 | |a Barcelona |b Omega |c 1975 | ||
| 650 | 0 | |a Química |9 259896 | |
| 650 | 7 | |a PRODUCTOS QUIMICOS ORGANICOS |2 CL-VaPUC |9 344420 | |
| 650 | 7 | |a PRODUCTOS QUIMICOS INORGANICOS |2 CL-VaPUC |9 344421 | |
| 650 | 7 | |a PRODUCTOS FARMACEUTICOS |2 CL-VaPUC |9 334377 | |
| 650 | 0 | |a Diccionarios |9 256200 | |
| 583 | |a last modification |c 19980313 00:00:00 |k Rodrigo Vera | ||
| 999 | |c 267633 |d 267631 | ||
| 952 | |0 0 |1 0 |4 0 |6 540_300000000000000_ROS_1975 |7 0 |8 A |9 300086 |a BIBALI |b BIBALI |c REF |d 2019-11-20 |i 1962299 |o 540.3 ROS 1975 |p 1962299 |r 2025-01-20 |w 2019-11-20 |y BK_F |k ALI | ||
| 952 | |0 0 |1 0 |4 0 |6 540_300000000000000_ROS_1975 |7 0 |8 A |9 300087 |a BIBALI |b BIBALI |c REF |d 2019-11-20 |i 1400002 |o 540.3 ROS 1975 |p 1400002 |r 2025-01-20 |w 2019-11-20 |y BK_F |k ALI | ||